000 003300000a22001330004500
003 MACL
040 _aMACL
090 _c37473
_d37471
100 _aStow, David
245 _aThe Training System
_bMoral Training School and Normal Seminary
260 _bLongman's Green And Co
_c1854
650 _aEducation
942 _cBOOK
_k370/STO
999 _c37070
_d37070